| 000 | 01200nam a22003497a 4500 | ||
|---|---|---|---|
| 003 | CHAP | ||
| 005 | 20220329133053.0 | ||
| 008 | 971013s1990 r 00010 d | ||
| 010 | _a1822 | ||
| 011 | _a2794 | ||
| 035 | _a1994 | ||
| 040 | _cCHAP | ||
| 090 | _aTesis | ||
| 100 | 0 | 0 |
_aRodríguez Cavazos, Luis Enrique. _998386 |
| 245 | _aEstudio del mercado del cabrito (Capra hircus) en el área metropolitana de Monterrey. N. L. | ||
| 260 |
_aMarín, N. L. : _bEl autor, _c1990 |
||
| 300 |
_a36 h. _b: ilus. |
||
| 500 | _aD43-100 | ||
| 502 | _aTesis (Ing. Agr. Zootecnista) -- Univ. Autónoma de Nuevo León. Fac. de Agronomía | ||
| 590 |
_aALEPH _b10 _c20130110 _lUCH01 _h1209 |
||
| 590 |
_aBATCH-UPD _b10 _c20130110 _lUCH01 _h0203 |
||
| 590 |
_aBATCH-UPD _b10 _c20130110 _lUCH01 _h2156 |
||
| 590 |
_aBATCH-UPD _b10 _c20130409 _lUCH01 _h2213 |
||
| 590 |
_aBATCH-UPD _b10 _c20130410 _lUCH01 _h1504 |
||
| 590 |
_aBATCH-UPD _b10 _c20130914 _lUCH01 _h0848 |
||
| 590 |
_aCONVERSION _b10 _c20130109 _lUCH01 _h1302 |
||
| 650 | 1 | 4 |
_aCarne de cabra _xConsumo _xNuevo León. _919131 |
| 650 | 1 | 4 |
_aCarne de cabra _xMercadeo. _919132 |
| 901 | _aBK | ||
| 942 | _cTESIS | ||
| 949 |
_bBC _cTES _d-11489 _eTS1 _h23553 _i1994 _si |
||
| 999 |
_c1822 _d1822 |
||